000 00700nam a2200241Ia 4500
003 OSt
005 20220925204210.0
006 a|||||r|||| 00| 0
007 ta
008 220923b |||||||| |||| 00| 0 eng d
037 _cGeneral Book
040 _aRTL
_cRTL
_beng
041 _2eng
_aeng
082 _aX:9J2,58, L7
110 _aInternational Labour Office
245 0 _aSocial security for migrant workers
260 _aGeneva
_bInternational Labour Office
_c1977
300 _avii,154p. Appendix p 121-46
_ccm.
650 _aPersonnel Management
_929105
700 _aInternational Labour Office
942 _hX:9J2,58, L7
_cGB
_2CC
999 _c548786
_d548786